Programming The 80286, 80386, 80486 & Pentium - Based Personal Computer (Record no. 102)
[ view plain ]
| 000 -LEADER | |
|---|---|
| fixed length control field | 00312nam a2200121Ia 4500 |
| 008 - FIXED-LENGTH DATA ELEMENTS--GENERAL INFORMATION | |
| fixed length control field | 221030s9999 xx 000 0 und d |
| 041 ## - LANGUAGE CODE | |
| Language code of text/sound track or separate title | |
| 082 ## - DEWEY DECIMAL CLASSIFICATION NUMBER | |
| Classification number | 105.23 |
| Item number | BE |
| 245 #0 - TITLE STATEMENT | |
| Title | Programming The 80286, 80386, 80486 & Pentium - Based Personal Computer |
| Sub Title | FLOPPY |
| 260 ## - PUBLICATION, DISTRIBUTION, ETC. (IMPRINT) | |
| Year of publication | 2000 |
| 650 ## - SUBJECT ADDED ENTRY--TOPICAL TERM | |
| Topical Term | Book |
| 942 ## - ADDED ENTRY ELEMENTS (KOHA) | |
| Koha item type | Cd |
| Accession Number | Full call number | Price effective from | Koha item type | Withdrawn / writtenoff status | Materials specified (bound volume or other part) | Damaged status | Not for loan | Permanent Location | Current Location | Shelving location | Date acquired | Lost/ Missing status | department |
|---|---|---|---|---|---|---|---|---|---|---|---|---|---|
| Floppy 2440 | 105.23 BE | 10/30/2022 | Cd | Soft Copy | MIET Library, Jammu | MIET Library, Jammu | BL-First, FL-1, CUP-21, SH-0, R-0 | 04/09/2007 | BE | ||||
| Floppy 2441 | 105.23 BE | 10/30/2022 | Cd | Soft Copy | MIET Library, Jammu | MIET Library, Jammu | BL-First, FL-1, CUP-21, SH-0, R-0 | 04/09/2007 | BE |